<?xml version="1.0" encoding="UTF-8"?><?xml-stylesheet type="text/xsl" href="static/style.xsl"?><OAI-PMH xmlns="http://www.openarchives.org/OAI/2.0/" xmlns:xsi="http://www.w3.org/2001/XMLSchema-instance" xsi:schemaLocation="http://www.openarchives.org/OAI/2.0/ http://www.openarchives.org/OAI/2.0/OAI-PMH.xsd"><responseDate>2026-04-27T12:51:37Z</responseDate><request verb="GetRecord" identifier="oai:uvadoc.uva.es:10324/4964" metadataPrefix="marc">https://uvadoc.uva.es/oai/request</request><GetRecord><record><header><identifier>oai:uvadoc.uva.es:10324/4964</identifier><datestamp>2021-07-06T08:33:27Z</datestamp><setSpec>com_10324_1147</setSpec><setSpec>com_10324_931</setSpec><setSpec>com_10324_894</setSpec><setSpec>col_10324_1266</setSpec></header><metadata><record xmlns="http://www.loc.gov/MARC21/slim" xmlns:doc="http://www.lyncode.com/xoai" xmlns:xsi="http://www.w3.org/2001/XMLSchema-instance" xmlns:dcterms="http://purl.org/dc/terms/" xsi:schemaLocation="http://www.loc.gov/MARC21/slim http://www.loc.gov/standards/marcxml/schema/MARC21slim.xsd">
<leader>00925njm 22002777a 4500</leader>
<datafield tag="042" ind1=" " ind2=" ">
<subfield code="a">dc</subfield>
</datafield>
<datafield tag="720" ind1=" " ind2=" ">
<subfield code="a">López Iturriaga, Félix Javier</subfield>
<subfield code="e">author</subfield>
</datafield>
<datafield tag="260" ind1=" " ind2=" ">
<subfield code="c">2006</subfield>
</datafield>
<datafield tag="520" ind1=" " ind2=" ">
<subfield code="a">El presente trabajo analiza los determinantes financieros de la inversión en activos de largo plazo de una muestra de empresas españolas. El análisis se articula en dos fases: identificación de aquellas empresas que sufren en mayor medida el efecto de las restricciones financieras y estudio de la sensibilidad de la inversión a la liquidez en dichas empresas. Entre los factores relevantes del grado de restricción se encuentran el endeudamiento, la deuda de procedencia bancaria, la composición del activo, el tamaño de la empresa y la cobertura de los gastos financieros. También se observa cómo en esas empresas la liquidez condiciona notablemente la inversión de largo plazo. Por el contrario, en las empresas menos afectadas por las restricciones financieras, los factores financieros inciden en la inversión en la medida en que se vinculan a futuras oportunidades de crecimiento.</subfield>
</datafield>
<datafield tag="024" ind2=" " ind1="8">
<subfield code="a">Restricciones financieras e inversión en activo fijo: un análisis multivariante.    Revista Española de Financiación y Contabilidad, Vol. XXXV, Núm. 129, Mayo- Junio, 411-436</subfield>
</datafield>
<datafield tag="024" ind2=" " ind1="8">
<subfield code="a">http://uvadoc.uva.es/handle/10324/4964</subfield>
</datafield>
<datafield tag="024" ind2=" " ind1="8">
<subfield code="a">411</subfield>
</datafield>
<datafield tag="024" ind2=" " ind1="8">
<subfield code="a">129</subfield>
</datafield>
<datafield tag="024" ind2=" " ind1="8">
<subfield code="a">436</subfield>
</datafield>
<datafield tag="024" ind2=" " ind1="8">
<subfield code="a">Restricciones financieras e inversión en activo fijo: un análisis multivariante</subfield>
</datafield>
<datafield tag="024" ind2=" " ind1="8">
<subfield code="a">35</subfield>
</datafield>
<datafield ind1=" " ind2=" " tag="653">
<subfield code="a">Restricciones financieras</subfield>
</datafield>
<datafield ind1=" " ind2=" " tag="653">
<subfield code="a">Empresas-Finanzas</subfield>
</datafield>
<datafield ind1=" " ind2=" " tag="653">
<subfield code="a">Inversión</subfield>
</datafield>
<datafield tag="245" ind1="0" ind2="0">
<subfield code="a">Restricciones financieras e inversión en activo fijo: un análisis multivariante</subfield>
</datafield>
</record></metadata></record></GetRecord></OAI-PMH>